Development of urban settlements in independent Namibia /

Saved in:
Bibliographic Details
Main Author: Seckelmann, Astrid.
Corporate Author: Namibian Economic Policy Research Unit.
Format: Book
Language:English
German
Published: Ausspannplatz, Windhoek, Namibia : Namibian Economic Policy Research Unit, 2001.
Series:NEPRU occasional paper ; no. 20.
Subjects:
Tags: Add Tag
No Tags, Be the first to tag this record!
LEADER 01468cam a2200349 a 4500
001 009707486-1
005 20050722100537.0
008 020628s2001 sx ab b 000 0 eng d
010 |a  2001314377 
035 0 |a ocm50077913 
040 |a OI@  |c OI@  |d DLC 
041 1 |a eng  |h ger 
042 |a lccopycat 
043 |a f-sx--- 
050 0 0 |a HT384.N3  |b S43 2001 
082 0 0 |a 307.1/416/096881  |2 22 
100 1 |a Seckelmann, Astrid. 
245 1 0 |a Development of urban settlements in independent Namibia /  |c Astrid Seckelmann. 
260 |a Ausspannplatz, Windhoek, Namibia :  |b Namibian Economic Policy Research Unit,  |c 2001. 
300 |a v, 117, 14 p. :  |b ill., maps ;  |c 30 cm. 
490 1 |a NEPRU occasional paper,  |x 1026-9223 ;  |v no. 20 
500 |a "September 2001." 
500 |a "NEPRU documents"--Prelim. 
500 |a "Conducted as a doctoral thesis at the Department of Geography at the Bavarian Julius-Maximilians-University of Wuerzburg and has therefore been published in German ... does not contain the whole thesis, but focusses on those aspects, which are of significance for the Namibian institutions"--P. v. 
504 |a Includes bibliographical references (p. 112-115). 
650 0 |a Urbanization  |z Namibia. 
650 0 |a Community development, Urban  |z Namibia. 
650 0 |a Cities and towns  |z Namibia. 
710 2 |a Namibian Economic Policy Research Unit. 
830 0 |a NEPRU occasional paper ;  |v no. 20.  |x 1026-9223 
988 |a 20050706 
906 |0 OCLC